Who Played...70s TV? Quiz Stats

 Plays Quiz Updated Feb 27, 2020

Support Sporcle.
Go Orange.
Score 0/60 Timer 15:00
0 Plays Today
TV Show Actor % Correct
M*A*S*HAlan Alda
91.9%
Happy DaysRon Howard
86.9%
Charlie's AngelsFarrah Fawcett
83.6%
Happy DaysHenry Winkler
81.8%
All in the FamilyCarroll O'Connor
81.3%
Welcome Back, KotterJohn Travolta
79.6%
Mary Tyler MooreEd Asner
78.5%
TaxiDanny DeVito
75%
DallasLarry Hagman
74.9%
Three's CompanyJohn Ritter
74.4%
TaxiTony Danza
72.3%
Happy DaysScott Baio
68.3%
M*A*S*HJamie Farr
68%
All in the FamilyRob Reiner
67.9%
M*A*S*HLoretta Swit
66.6%
The Partridge FamilyShirley Jones
66.4%
All in the FamilyJean Stapleton
65.9%
Mary Tyler MooreBetty White
64%
Three's CompanySuzanne Somers
64%
The Partridge FamilyDavid Cassidy
63.6%
Charlie's AngelsKate Jackson
63.4%
Charlie's AngelsJaclyn Smith
63.3%
All in the FamilySally Struthers
61.8%
Welcome Back, KotterGabe Kaplan
61%
Mary Tyler MooreValerie Harper
60.1%
WKRP in CincinnatiLoni Anderson
59.3%
Three's CompanyDon Knotts
58.3%
The Partridge FamilySusan Dey
57.1%
TaxiAndy Kaufman
54.6%
The Partridge FamilyDanny Bonaduce
54.6%
TV Show Actor % Correct
One Day at a TimeValerie Bertinelli
53.4%
One Day at a TimeMackenzie Phillips
51.5%
Happy DaysAnson Williams
50.5%
Mary Tyler MooreCloris Leachman
50.3%
DallasPatrick Duffy
49.3%
TaxiJudd Hirsch
49.1%
Dukes of HazzardJohn Schneider
46.7%
The WaltonsRichard Thomas
42.3%
DallasVictoria Principal
41.7%
Dukes of HazzardCatherine Bach
40.8%
M*A*S*HGary Burghoff
40.6%
DallasLinda Gray
37.1%
Three's CompanyJoyce DeWitt
36.5%
Dukes of HazzardTom Wopat
36.5%
WKRP in CincinnatiHoward Hesseman
34.3%
The WaltonsMichael Learned
33.8%
One Day at a TimeBonnie Franklin
32.7%
The Love BoatGavin MacLeod
32.3%
WKRP in CincinnatiTim Reid
27.3%
The Love BoatLauren Tewes
24.7%
WKRP in CincinnatiGordon Jump
24.5%
The Love BoatFred Grandy
24.4%
One Day at a TimePat Harrington Jr.
23.7%
Welcome Back, KotterRon Palillo
22.3%
The WaltonsWill Geer
21.2%
Dukes of HazzardDenver Pyle
21%
Charlie's AngelsDavid Doyle
19.4%
Welcome Back, KotterMarcia Strassman
17.1%
The Love BoatTed Lange
16.6%
The WaltonsEllen Corby
14.8%

You're not logged in!

Compare scores with friends on all Sporcle quizzes.
OR
Log In

From the Vault

'80s Band Names

by MRL

This quiz is proof that the 1980s had the best band names.
Remove Ads.
Support Sporcle.
Get the best of Sporcle when you Go Orange. This ad-free experience offers more features, more stats, and more fun while also helping to support Sporcle. Thank you for becoming a member.

Show Comments

Extras

Top Quizzes Today


Score Distribution

Your Account Isn't Verified!

In order to create a playlist on Sporcle, you need to verify the email address you used during registration. Go to your Sporcle Settings to finish the process.

Report this User

Report this user for behavior that violates our Community Guidelines.

Details: